Energy Consumption and Technological Developments

Guardado en:
Detalles Bibliográficos
Autor principal: Okorokov, Vasilij R.
Formato: Libro
Lenguaje:inglés
Publicado: Laxenburg International Institute for Applied Systems Analysis 1990
Edición:1. ed.
Etiquetas: Agregar Etiqueta
Sin Etiquetas, Sea el primero en etiquetar este registro!

MARC

LEADER 00000nam a2200000 4500
001 c032805
005 20221215113706.7
041 0 |a eng 
044 |a AT 
245 1 0 |a Energy Consumption and Technological Developments  |c Vasilij R. Okorokov 
250 |a 1. ed. 
264 1 |a Laxenburg  |b International Institute for Applied Systems Analysis  |c 1990 
300 |a 25 s. 
500 |a Separát z: Acta Polytechnica, 2 (III, 1) 1989 
100 1 |a Okorokov, Vasilij R.